000
00265nam a2200109Ia 4500
008
220204s9999 xx 000 0 und d
082
_a
031
_b
YAM
100
_a
Yamang, Taro
245
0
_a
Statistics: An introductory analysis
260
_a
New york
_c
1973
942
_c
BK
999
_c
30501
_d
30501